000 01085nam a2200229Ii 4500
003 JO-AjNU
008 230605s9999||||xx |||||||||||||| ||und||
017 _a19/0440
020 _a9960-32-037-5
040 _aJO-AjNU
_bara
_erda
_cJO-AjNU
041 _aara
050 1 4 _aHC243.5.1998
100 3 _aالمعهد الاسلامي للبحوث والتدريب/البنك الاسلامي للتنمية,
_eauthor
_927835
245 0 0 _aاعداد الامة الاسلامية للقرن الحادي والعشرين في مجالات التعاون الاقتصادي والتجاري والمالي بين الدول الاعضاء في منظمة المؤتمر الاسلامي
250 _aط1
264 3 1 _aجدة: المعهد الاسلامي للبحوث والتدريب/البنك الاسلامي للتنمية
300 _a44ص
_bورقة عرضية-رقم1
336 _atext
_btxt
_2rdacontent
337 _aunmediated
_bn
_2rdamedia
338 _avolume
_bnc
_2rdacarrier
650 4 _aالاقتصاد الاسلامي-التخطيط الاقتصادي
_927836
999 _aA10724
_c14292
_d14292